000 01712nam0a2200349 4500
001 RU\NLR\BIBL_A\012137459
005 20260408183103.0
010 _a978-5-9765-1913-8
_9100
035 _a(NLR Aleph) 012137459
035 _a(RuMoRGB)010064440
090 _a12080363
_c12080363
100 _a20191113d2020 u y0rusy50 ca
101 0 _arus
102 _aRU
105 _ay|||j|||000zy
181 0 _ai
_baxxe
182 0 _an
200 1 _aОсновы руморологии
_eтеория и практика управления слухами
_eучебное пособие для магистратуры
_eпо специальности "Реклама и связи с общественностью" - направление подготовки 031600
_fЕ. Г. Борисова, С. А. Василенко
203 _aТекст
_bвизуальный
_cнепосредственный
210 _aМосква
_cФЛИНТА
_d2020
215 _a128, [2] с.
_d21
320 _aБиблиогр.: с. 125-126 и в подстроч. примеч.
606 _aСлухи (социол.)
_jУчебные издания для высших учебных заведений
_3RU\NLR\AUTH\661015875
_91625482
686 1 _aС550.65я73
686 1 _aС550.74я73
700 1 _8rus
_7ca
_aБорисова
_bЕ. Г.
_cд-р филол. наук
_gЕлена Георгиевна
_3RU\NLR\AUTH\77645
_9110688
701 1 _aВасиленко
_bС. А.
_cканд. филос. наук
_gСергей Александрович
_9137783
_3RU\NLR\AUTH\770137818
942 _cBOOK
980 _aNBR
980 _aNB